000 00527nam a22002057a 4500
003 OSt
005 20140310181935.0
008 130723t xxu||||| |||| 00| 0 eng d
050 _aPR 4745
_b.H268 1982
082 _aCLA
_bH22f 1982
100 _aHardy, Thomas
245 _aFar from the madding crowd /
_cby Thomas Hardy.
260 _aNew York :
_bBantam Books,
_c1982.
300 _a362 p. ;
_c18 cm.
541 _j1
562 _e1
650 _aFiction
_9746
700 _aHardy, Thomas
942 _2lcc
_cBK
_kCLA
999 _c7530
_d7530